|
|
|
|
| LEADER |
00000nam a22000007a 4500 |
| 005 |
2022081700220.0 |
| 007 |
cr|||| |||| |
| 008 |
220817s2018 br |||||s|||| 00||0 por d |
| 020 |
|
|
|a 978-859374-118-0
|
| 035 |
|
|
|a 36856
|
| 040 |
|
|
|a vLex
|
| 090 |
|
|
|c 13734
|d 13734
|
| 100 |
1 |
|
|a Rocha Pontes, Ted Luiz
|
| 245 |
1 |
0 |
|a Sistemas de financiamento imobilir̀io
|h [Recurso electrn̤ico] /
|c Ted Luiz Rocha Pontes
|
| 256 |
|
|
|a Servicio en ln̕ea
|
| 260 |
|
|
|a Rio de Janeiro:
|b Editora Processo,
|c 2018
|
| 300 |
|
|
|a 1 recurso electrn̤ico
|
| 500 |
|
|
|a Este livro nasceu da pesquisa desenvolvida no Mestrado na Universidade de Fortaleza, tendo como objetivo analisar os meios de obtenȯ̂ de recursos para o mercado imobilir̀io que, como se sabe, ̌de vital importńcia para o desenvolvimento econm̥ico e social de qualquer pas̕. No caso brasileiro, temos dois sistemas que convivem e que aplicam lg̤icas distintas no direcionamento de tais recursos. O primeiro, o Sistema Financeiro da Habitaȯ̂, criado na dčada de 60, usa uma lg̤ica baseada na poupanȧ e nos recursos do FGTS, enquanto o segundo, criado no final da dčada de 90, baseia-se na lg̤ica e na experin̊cia do mercado de capital.
|
| 506 |
1 |
|
|a Disponible solo en los productos indicados
|d vLex Global
|d vLex Global (Academic Edition, excluding Law Schools)
|d vLex Global (U.S. Academic Edition, Law Schools)
|d vLex Global (U.S. Academic Edition, excluding Law Schools)
|d vLex Global (Academic Edition, Law Schools)
|
| 650 |
0 |
4 |
|a Financiero
|z Brasil
|
| 740 |
0 |
|
|a vLex Libros (Servicio en ln̕ea)
|
| 856 |
4 |
0 |
|u https://app.vlex.com/#/sources/36856
|z Acceso restringido
|
| 942 |
|
|
|c BOOK
|
| 999 |
0 |
|
|a Financial
|